Farm science reporter.

Bibliographic Details
New Title:Iowa farm economist
Iowa farm science
Corporate Author: Iowa Agricultural Experiment Station
Format: Journal
Language:English
Published: Ames, Iowa. [publisher not identified] ;
Subjects:

MARC

Tag First Indicator Second Indicator Subfields
LEADER 00000cas a2200000 4500
001 in00000285921
005 20151010081818.0
008 750824d19401946iauqr p s0uuua0eng d
010 |a  49000229  
035 |a (OCoLC)01568898 
035 |9 ABF7682AM 
040 |a MUL  |c MUL  |d NSD  |d MUL  |d TXA  |d UtOrBLW 
049 |a TXAE [Also in] [Micro] [film] [S] [1050] 
050 0 0 |a S1  |b .F267 
082 0 |a 630.5 
245 0 0 |a Farm science reporter. 
264 1 |a Ames, Iowa.  |b [publisher not identified] ; 
300 |a 7 volumes in 1 :  |b illustrations ;  |c 30 cm.  |a quarterly. 
336 |a text  |b txt  |2 rdacontent 
337 |a unmediated  |b n  |2 rdamedia 
338 |a volume  |b nc  |2 rdacarrier 
362 0 |a v. 1-7, no. 2; Jan. 1940-Apr. 1946. 
550 |a Pub. by the Iowa Agricultural Experiment Station and the Iowa Agricultural Extension Service. 
500 |a Also available in 16 mm microfilm. 
580 |a Merged with Iowa Farm Economist to form Iowa Farm Science. 
650 0 |a Agriculture  |v Periodicals. 
710 2 |a Iowa Agricultural Experiment Station. 
785 0 7 |t Iowa farm economist 
785 0 7 |t Iowa farm science 
999 |a MARS 
999 f f |s 87e0514a-a1d7-3531-861d-07a7cdddb67f  |i e37c43ba-608d-3332-ab64-257f70fbe803  |t 0 
952 f f |p ric  |a Texas A&M University  |b Rellis Campus  |c Joint Library Facility  |d Remote Storage  |t 0  |e S1 .F267  |h Library of Congress classification  |i unmediated -- volume  |k v.1-7  |l 1940:Jan.-1946:Apr.  |m A14842142151 
952 f f |p default  |a Texas A&M University  |b College Station  |c Sterling C. Evans Library  |d Evans: Microforms (3rd floor)  |t 0  |e film S 1050  |h Other scheme  |i unmediated -- volume 
998 f f |a S1 .F267  |s v.1-7 (1940-1946)  |t 0  |l Remote Storage 
998 f f |a film S 1050  |s v.1:no.1 (1940)-v.7:no.2 (1946)  |t 0  |l Evans: Microforms (3rd floor)